01461nac a22002891u 4500010001300000020001500013035002000028082001900048090001500067100003400082111014300116245026200259250001200521260005300533300003400586500009700620504005300717650005900770650005300829650003700882700002700919700002600946710005700972942002101029999001501050952010601065 a96141475 a0412722003 a(OCoLC)3334766200a670.427bC1409 c4005d4005 a20080729 2 aIEEE/ECLA/IFIP International Conference on Architectures and Design Methods for Balanced Automation Systemsd(1995 :cVitoIĚ€?ria, Brazil)10aBalanced automation systems :barchitectures and design methods : proceedings of the IEEE/ECLA/IFIP International Conference on Architectures and Design Methods for Balanced Automation Systems, 1995 /cedited by Luis Camarinha-Matos and Hamideh Afsarmanesh. a1st ed. aLondon ;aNew York :bChapman & Hall,1995c1995. axiv, 471 p. :bill. ;c25 cm. a"Published ... on behalf of the International Federation for Information Processing (IFIP)." aIncludes bibliographical references and indexes. 0aComputer integrated manufacturing systemsxCongresses. 0aManufacturing processesxAutomationxCongresses. 0aSystems engineeringxCongresses.1 aCamarinha-Matos, Luis.1 aAfsarmanesh, Hamideh.2 aInternational Federation for Information Processing. cBBk670.427C1409 c4005d4005 00104070aMAINbMAINc1STd2014-08-07ePurchasel0o670.427 BALp000000066r2025-07-15 00:00:00yBB